Movies by Emma Stone - Statistics

General Stats
  • This quiz has been taken 11 times
  • The average score is 14 of 31
Answer Stats
Picture Hint Answer % Correct
2021 Cruella
82%
2025 Bugonia
73%
2010 Easy A
73%
2016 La La Land
73%
2023 Poor Things
73%
2012 The Amazing Spider-Man
64%
2014 The Amazing Spider-Man 2
64%
2013 The Croods
64%
2019 Zombieland: Double Tap
64%
2017 Battle of the Sexes
55%
2014 Birdman or (The Unexpected Virtue of Ignorance)
55%
2011 Crazy, Stupid, Love.
55%
2007 Superbad
55%
2020 The Croods: A New Age
55%
2011 The Help
55%
2025 Eddington
45%
2018 The Favourite
45%
2009 Zombieland
45%
2015 Aloha
36%
2024 Kinds of Kindness
36%
2010 Marmaduke
36%
2011 Friends with Benefits
27%
2013 Movie 43
27%
2016 Popstar: Never Stop Never Stopping
27%
2008 The House Bunny
27%
2013 Gangster Squad
18%
2009 Ghosts of Girlfriends Past
18%
2015 Irrational Man
18%
2014 Magic in the Moonlight
18%
2009 Paper Man
18%
2008 The Rocker
18%
No matching quizzes found
Score Distribution
Percent of People with Each Score
Percentile by Number Answered
Your Score History
You have not taken this quiz